LEADER 01265nam0 2200325 450 001 000040259 005 20150130130820.0 010 $a978-0-295-97682-2 100 $a20150123d1998----km-y0itaa50------ba 101 0 $aeng 102 $aUS 200 1 $aJudaism and Hellenism in antiquity$econflict or confluence?$fLee I. Levine 210 $aSeattle ; London$cUniversity of Washington Press$d1998 215 $aXIII, 227 p.$cill.$d22 cm 225 2 $a<> Samuel & Althea Stroum lectures in Jewish studies 410 0$12001$a<> Samuel & Althea Stroum lectures in Jewish studies 606 1 $aEbrei$aCiviltà$aInflussi della civiltà greca 606 2 $aEbraismo$xAntichità 606 2 $aEllenismo$xAntichità 676 $a296.09014$v(22. ed.)$9Ebraismo. Fino al 499 700 1$aLevine,$bLee I.$0204950 801 0$aIT$bUniversità della Basilicata - B.I.A.$gREICAT$2unimarc 912 $a000040259 996 $aJudaism and Hellenism in antiquity$9105530 997 $aUNIBAS BAS $aLETTERE CAT $aSTD101$b01$c20150123$lBAS01$h1224 CAT $aTTM$b30$c20150130$lBAS01$h1308 FMT Z30 -1$lBAS01$LBAS01$mBOOK$1BASA1$APolo Storico-Umanistico$2DID$BDidattica$3FM/113243$6113243$5L113243$820150123$f04$FPrestabile Didattica